El jockey (Record no. 115458)

MARC details
000 -LEADER
campo de control de longitud fija 00900nam a2200241 i 4500
001 - NÚMERO DE CONTROL
campo de control 115458
003 - IDENTIFICADOR DE NÚMERO DE CONTROL
campo de control ES-MaACL
005 - FECHA Y HORA DE LA ÚLTIMA TRANSACCIÓN
campo de control 20250825062559.0
007 - CAMPO FIJO DE DESCRIPCIÓN FÍSICA--INFORMACIÓN GENERAL
campo de control de longitud fija t|
008 - DATOS DE LONGITUD FIJA--INFORMACIÓN GENERAL
campo de control de longitud fija 070309s1930 sp ||||1| spa d
080 ## - NÚMERO DE LA CLASIFICACIÓN DECIMAL UNIVERSAL
Número de la Clasificación Decimal Universal 821.133.1-23"19"
100 1# - ENTRADA PRINCIPAL--NOMBRE DE PERSONA
Nombre de persona Conty, Jean.
9 (RLIN) 40332
245 13 - MENCIÓN DEL TÍTULO
Título El jockey
Resto del título : comedia en tres actos y en prosa /
Mención de responsabilidad, etc. Jean Conty y Georges de Dissant ; traducida y adaptada por Alfonso Fernández Burgas.
260 ## - PUBLICACIÓN, DISTRIBUCIÓN, ETC.
Lugar de publicación, distribución, etc. Madrid :
Nombre del editor, distribuidor, etc. Prensa Moderna,
Fecha de publicación, distribución, etc. 1930.
300 ## - DESCRIPCIÓN FÍSICA
Extensión 76 p. ;
Dimensiones 17 cm.
490 1# - MENCIÓN DE SERIE
Mención de serie El teatro moderno ;
Designación de volumen o secuencia 249
500 ## - NOTA GENERAL
Nota general Estrenada en el Teatro Campoamor, de Oviedo, el 2 de febrero de 1930 y en el Cómico, de Madrid, el 26 de abril de 1930.
700 1# - ENTRADA AGREGADA--NOMBRE PERSONAL
Nombre de persona Dissant, Georges de.
9 (RLIN) 44880
700 1# - ENTRADA AGREGADA--NOMBRE PERSONAL
Nombre de persona Fernández Burgas, Alfonso.
9 (RLIN) 49528
830 13 - PUNTO DE ACCESO ADICIONAL DE SERIE-TÍTULO UNIFORME
Título uniforme El teatro moderno (Prensa Moderna)
Designación de volumen o secuencia 249
9 (RLIN) 182365
852 ## - LOCALIZACIÓN
Ubicación ES-MaACL
Número de control de estantería C-13105
Holdings
Estatus retirado Estado de pérdida Estado de daño No para préstamo Biblioteca de origen Biblioteca actual Ubicación en estantería Fecha de adquisición Fuente de adquisición Total de préstamos Signatura topográfica completa Código de barras Visto por última vez Precio de reemplazo Tipo de ítem Koha
        Biblioteca del Ateneo de Madrid Biblioteca del Ateneo de Madrid Sala Palomar 17/01/2008     C-13105 1120383 23/02/2023 23/02/2023 Libro impreso